Хрестоматия по истории философии. От Шопенгауэра до Дерриды (Запис № 308437)
[ простий вигляд ]
| 000 -Лідер | |
|---|---|
| fixed length control field | 00807nam a22002417a 4500 |
| 001 - Контрольний номер | |
| control field | 22221 |
| 003 - Ідентифікатор контрольного номера | |
| control field | UA-OsUOA |
| 005 - Дата та час останнього входження (трансакції) | |
| control field | 20210916093707.0 |
| 007 - Фіксоване поле фізичного опису | |
| fixed length control field | ta |
| 008 - Елементи даних фіксованої довжини – загальна інформація | |
| fixed length control field | 20031217b un ||||| |||| 00| 0 ukr d |
| 020 ## - Міжнародний стандартний книжковий номер (ISBN) | |
| Міжнародний стандартний книжковий номер (ISBN) (НП) | 5-691-00604=5 |
| 040 ## - Джерело каталогізації | |
| Агенція оригінальної каталогізації | UA-OsUOA |
| Мова каталогізації | rus |
| Агенція, яка здійснювала перезапис | UA-OsUOA |
| Агенція, яка здійснювала модифікацію | UA-OsUOA |
| 041 ## - Код мови | |
| Код мови тексту/ звукової доріжки чи окремого заголовка (П) | rus |
| 044 ## - Код країни видавця/ виробника | |
| Код країни видавця/ виробника (П) | RU |
| 080 ## - Індекс Універсальної десяткової класифікації | |
| Індекс Універсальної десяткової класифікації (УДК) (НП) | 1(091) |
| 090 ## - Локальний шифр розміщення | |
| Класифікаційний індекс УДК | 1(091) |
| Авторський знак (НП) | Х91 |
| 245 ## - Відомості про назву | |
| Назва (НП) | Хрестоматия по истории философии. От Шопенгауэра до Дерриды |
| Дані про відповідальність (НП) | ред. Л. А. Микешина |
| Назва частини/ розділу роботи | Западная философия. Вторая половина XIX- начало XX века. ХХ век. На пороге ХХI век |
| Номер частини/ розділу роботи (П) | ч. 2 |
| 260 ## - Публікація, розповсюдження і т.п. (Вихідні дані) | |
| Місце публікації, розповсюдження і т.п. (П) | Москва |
| Ім’я/ наймення видавництва, розповсюджувача і т.п. (П) | Владос |
| Дата публікації, розповсюдження і т.п. (П) | 2001 |
| 300 ## - Фізичний опис | |
| Обсяг | 528 с. |
| 650 #7 - Додаткове предметне введення – тематичний термін | |
| Джерело заголовка чи терміна | UDC |
| 942 ## - Додаткові елементи входу (Коха) | |
| Тип елемента Koha | Книги |
| Source of classification or shelving scheme | Universal Decimal Classification |
| 955 ## - Код типу видання за змістом | |
| Код типу видання за змістом (НП) | інше |
| Стан вилучень | Стан втрат | Джерело класифікації або схеми стелажів | Стан уражень | Не для кредиту | Постійне місце розташування | Поточне розміщення | Дата придбання | Вартість, звичайна ціна покупки | Інвентарний номер | Усього замовленно | Повний номер виклику | Штрих-код | Дата останнього перегляду | Ціна ефективна від | Тип елемента Koha |
|---|---|---|---|---|---|---|---|---|---|---|---|---|---|---|---|
| Universal Decimal Classification | ЧЗ - Читальна зала | ЧЗ - Читальна зала | 17/12/2003 | 8.05 | 62330 | 1(091) Х91 | 62330 | 04/04/2023 | 17/12/2003 | Книги | |||||
| Universal Decimal Classification | ЧЗ - Читальна зала | ЧЗ - Читальна зала | 17/12/2003 | 8.05 | 62331 | 1(091) Х91 | 62331 | 09/02/2022 | 17/12/2003 | Книги | |||||
| Universal Decimal Classification | ЧЗ - Читальна зала | ЧЗ - Читальна зала | 17/12/2003 | 8.40 | 62332 | 1(091) Х91 | 62332 | 09/02/2022 | 17/12/2003 | Книги | |||||
| Universal Decimal Classification | ЧЗ - Читальна зала | ЧЗ - Читальна зала | 17/12/2003 | 3.00 | 62333 | 1(091) Х91 | 62333 | 09/02/2022 | 17/12/2003 | Книги |